01469nam a2200337   4500003000900000005001700009008004100026017001400067040004600081041000800127082002700135092000700162099003500169100005700204245018700261264004700448300007800495336002200573337002400595338003300619500003300652504005000685546004100735650006000776651001000836856005700846905001300903942001900916999001700935952017900952EG-GICUC20260121101220.0251113s2008    ua ||||fr|||| 00| 0 ara d  a200113989  a EG-GICUCbarac EG-GICUCd EG-GICUCerda0 aara04221a341.84bع ن . ت04221  aLaw1 12 341.84 ع ن . ت	20080 a عنايت عبدالحميد ثابتeمؤلف.10a تداخل مجالات انطباق القوانين ذو الطابع الدولي واحكام فضه في القانون المصري /c عنايت عبدالحميد ثابت. 1aالقاهرة :bدون ناشر،c2008.  a511صفحة :c24 سم.bإيضاحيات، صور، مثيليات ؛   2rda contentatext  2rda mediaaComputer  2rda carrieraOnline Resource  aيحتوي على حواشي  a. 240-220 ببليوجرافيا: صفحات.  aالنص باللغة العربية1 aتنازع القوانينxقانون دولي2qrmak1 2qrmak40uhttps://fll.law.cu.edu.eg/fulltext/bks/B12-01014.pdf  a75eYara  2ddcn0cBKe21  c43175d43175  00102ddc40718القانون الدولي الخاصaCUbLAW1d2025-11-13l0oLaw1 12	341.84 ع ن . ت	2008 1201014	C1pB12-01014r2025-11-13 17:54:22t1w2025-11-13yBK